Flags of U.S. States - Sudden Death - Statistics

General Stats
  • This quiz has been taken 1,091 times
  • The average score is 12 of 17
Answers on the Grid
Answers color-coded by a green-red scale on the quiz's grid according to % correct below.
 
Answer Stats
Answer % Correct
77%
76%
75%
74%
73%
73%
73%
72%
71%
71%
70%
70%
69%
68%
68%
65%
65%
No matching quizzes found
Score Distribution
Percent of People with Each Score
Percentile by Number Answered
Your Score History
You have not taken this quiz